15 plus grands pays en termes de produit national brut - Europe - Statistiques

Statistiques générales
  • Ce quiz a été pris 103 fois
  • Le résultat moyen est 13 sur 15
Statistiques - réponses
PIB en milliards $ Réponse % Correct
2856 France
100%
1778 Espagne
97%
2317 Italie
97%
2925 Royaume-Uni
96%
4199 Allemagne
95%
518 Suède
95%
523 Suisse
93%
529 Belgique
90%
381 Norvège
90%
1126 Pologne
89%
924 Pays-Bas
84%
441 Autriche
83%
483 Roumanie
74%
376 République Tchèque
71%
2186 Turquie
49%
Aucun quiz correspondant
Distribution des résultats
% des personnes avec chaque résultat
Percentile par nombre de réponses
Votre historique - résultats
Vous n’avez pas pris ce quiz